The last of the wild: on the track of rare animals /

Bibliographic Details
Main Author: Schuhmacher, Eugen
Format: Book
Language:English
German
Published: London : Collins, 1968.
Subjects:

MARC

Tag First Indicator Second Indicator Subfields
LEADER 00000cam a22000001 4500
001 in00001568421
005 20151022082814.0
008 710406s1968 enkbf 000 0 eng
010 |a  68094560  
015 |a B*** 
035 |a (OCoLC)ocm00460415 
040 |a DLC  |c DLC  |d UKM  |d TXA  |d UtOrBLW 
041 1 |a eng  |a ger 
049 |a TXAM 
050 0 0 |a QL46  |b .S3913 1968 
082 0 |a 591/.022/2 
100 1 |a Schuhmacher, Eugen. 
240 1 0 |a Letzten Paradiese.  |l English 
245 1 4 |a The last of the wild: on the track of rare animals /  |c zoological appendix by Gerd Diesselhorst [and others]; translated by Gwynne Vevers and Winwood Reade. 
264 1 |a London :  |b Collins,  |c 1968. 
300 |a 317 pages :  |b map (on lining papers) color plates. ;  |c 28 cm. 
336 |a text  |b txt  |2 rdacontent 
337 |a unmediated  |b n  |2 rdamedia 
338 |a volume  |b nc  |2 rdacarrier 
500 |a Translation of Die letzten Paradiese. 
536 |a This book is given through the estate of M.D. "Bert" Wheeler, College Station, TX, 1999. 
650 0 |a Zoology  |v Pictorial works. 
650 0 |a Rare animals. 
948 |a cataloged  |b h  |c 2000/11/2  |d c  |e jgreene  |f 1:56:33 pm 
994 |a E0  |b TXA 
999 |a MARS 
999 f f |s 3ef42c57-45d2-3ed4-86f1-67dec4d4fb41  |i 8b8473bf-01f3-313a-998a-5ffe61d37d18  |t 0 
952 f f |p ric  |a Texas A&M University  |b Rellis Campus  |c Joint Library Facility  |d Remote Storage  |t 0  |e QL46 .S3913 1968  |h Library of Congress classification  |i unmediated -- volume  |m A14826615074 
998 f f |a QL46 .S3913 1968  |t 0  |l Remote Storage